000 00633nam a22001577a 4500
003 SGT
020 _a9788151610064
082 _a658.3,GUP
100 _aGUPTA, C B
245 _aHUMAN RESOURCE MANAGEMENT
260 _aNEW DELHI
_bS CHAND
_c2014
300 _aV.P.
650 _aMANAGEMENT
653 _aINTRODUCTION TO HUMAN RESOURCE MANAGEMENT,NATURE AND SCOPE OF HUMAN RESOURCE MANAGEMENT,ORGANIZING THE HUMAN RESOURCE FUNCTION,STRATEGIC HUMAN RESOURCE MANAGEMENT,HUMAN RESOURCE POLICIES, ACQUIRING HUMAN RESOURCES , HUMAN RESOURCES PLANNING, JOB ANALYSIS AND JOB DESIGN , RECRUITMENT AND SELECTION
942 _2ddc
_cFCM
_036
999 _c9028
_d9028